[Event "POL-chT 2nd League"]
[Site "Lazy"]
[Date "2012.09.09"]
[Round "9"]
[White "Majdan, Damian"]
[Black "Olszynski, Kazimierz"]
[Result "1/2-1/2"]
[WhiteElo "1779"]
[BlackElo "2185"]
[PlyCount "84"]
[EventDate "2012.09.01"]
[EventType "team-swiss"]
[EventRounds "9"]
[EventCountry "POL"]
[SourceTitle "EXT 2019"]
[Source "ChessBase"]
[SourceDate "2018.10.10"]
[SourceVersion "1"]
[SourceVersionDate "2018.10.10"]
[SourceQuality "1"]
[WhiteTeam "Znin Baszta II"]
[BlackTeam "Prudnik LKS Zarzewie"]
[WhiteTeamCountry "POL"]
[BlackTeamCountry "POL"]

1. Nf3 g6 2. d3 Bg7 3. g3 d6 4. Bg2 f5 5. Nc3 Nf6 6. 0-0 0-0 7. e4 e5 8. Bd2 h6 9. Nh4 Kh7 10. Nf3 Nc6 11. Re1 Ng4 12. h3 Nf6 13. Rf1 Ne7 14. Kh1 c6 15. Qe2 Qb6 16. Rab1 Bd7 17. Na4 Qc7 18. Nc3 Qb6 19. Na4 Qc7 20. Nc3 Rae8 21. Rbe1 d5 22. Ng1 fxe4 23. dxe4 d4 24. Nd1 Nh5 25. Bf3 Nf6 26. Bg2 Nh5 27. Bf3 Nf6 28. Bg2 g5 29. c4 Ng6 30. b3 Kh8 31. Nb2 Be6 32. Nd3 Bg8 33. Bb4 Rf7 34. Bd2 Bh7 35. f3 b6 36. g4 Nf4 37. Bxf4 exf4 38. b4 Nd7 39. Qc2 Ne5 40. Nxe5 Qxe5 41. Qd3 Rd7 42. Ne2 c5 1/2-1/2

[Event "POL-chT 2nd League"]
[Site "Lazy"]
[Date "2012.09.07"]
[Round "7"]
[White "Majdan, Damian"]
[Black "Zgadzaj, Rafal"]
[Result "0-1"]
[WhiteElo "1779"]
[BlackElo "2153"]
[PlyCount "120"]
[EventDate "2012.09.01"]
[EventType "team-swiss"]
[EventRounds "9"]
[EventCountry "POL"]
[SourceTitle "EXT 2019"]
[Source "ChessBase"]
[SourceDate "2018.10.10"]
[SourceVersion "1"]
[SourceVersionDate "2018.10.10"]
[SourceQuality "1"]
[WhiteTeam "Znin Baszta II"]
[BlackTeam "Chroscice LZS Victoria"]
[WhiteTeamCountry "POL"]
[BlackTeamCountry "POL"]

1. Nf3 g6 2. g3 Bg7 3. Bg2 d6 4. d4 f5 5. c4 Nf6 6. Nc3 0-0 7. 0-0 c6 8. d5 Bd7 9. Nd4 Qc7 10. e4 fxe4 11. Nxe4 c5 12. Ne6 Bxe6 13. dxe6 Nc6 14. Ng5 Nd4 15. Be3 Nf5 16. Bd2 Rab8 17. Bc3 b5 18. b3 bxc4 19. bxc4 Qc8 20. Re1 Qa6 21. Qd3 Qa3 22. Rac1 Nd4 23. Rcd1 Ng4 24. f4 Qxa2 25. Ne4 Qc2 26. Qxc2 Nxc2 27. Bxg7 Kxg7 28. Re2 Nce3 29. Rc1 Nxg2 30. Kxg2 Rb4 31. Ra1 Ra8 32. Nc3 Nf6 33. Nb5 a6 34. Nc7 Ra7 35. Nxa6 Rxc4 36. Rea2 Rb7 37. Re2 Re4 38. Rxe4 Nxe4 39. Re1 Nd2 40. Re2 Nc4 41. g4 Kf6 42. Kf3 Rb2 43. Rxb2 Nxb2 44. Nc7 Nc4 45. Ke4 Nd2+ 46. Kd5 Kg7 47. Ne8+ Kf8 48. Nxd6 exd6 49. Kxd6 Ne4+ 50. Ke5 Nf2 51. h3 Nxh3 52. f5 gxf5 53. gxf5 Ng5 54. Kd6 Ne4+ 55. Ke5 Ng3 56. f6 Nh5 57. f7 Ng7 58. Kd6 Nxe6 59. Kxe6 c4 60. Kf6 c3 0-1

[Event "POL-chT 2nd League"]
[Site "Lazy"]
[Date "2012.09.05"]
[Round "5"]
[White "Majdan, Damian"]
[Black "Krainski, Slawomir"]
[Result "1/2-1/2"]
[WhiteElo "1779"]
[BlackElo "2029"]
[PlyCount "104"]
[EventDate "2012.09.01"]
[EventType "team-swiss"]
[EventRounds "9"]
[EventCountry "POL"]
[SourceTitle "EXT 2019"]
[Source "ChessBase"]
[SourceDate "2018.10.10"]
[SourceVersion "1"]
[SourceVersionDate "2018.10.10"]
[SourceQuality "1"]
[WhiteTeam "Znin Baszta II"]
[BlackTeam "Grudziadz Rotmistrz"]
[WhiteTeamCountry "POL"]
[BlackTeamCountry "POL"]

1. Nf3 d5 2. c4 c6 3. g3 Nf6 4. Bg2 Bf5 5. b3 e6 6. Bb2 Be7 7. 0-0 0-0 8. d3 h6 9. Nbd2 Nbd7 10. Ne5 Nxe5 11. Bxe5 Bh7 12. Nf3 a5 13. Bb2 a4 14. cxd5 exd5 15. bxa4 Qa5 16. Qb3 Qxa4 17. Rfb1 Qxb3 18. axb3 Bf5 19. Bc3 c5 20. Ra4 b5 21. Rxa8 Rxa8 22. Ra1 Rxa1+ 23. Bxa1 b4 24. Ne5 Bd6 25. f4 Be6 26. Bb2 Bxe5 27. Bxe5 d4 28. Bd6 Bxb3 29. Bxc5 Bd1 30. Bf3 b3 31. Bxd4 Ne8 32. Kf1 Nd6 33. Ke1 Nf5 34. Kxd1 Nxd4 35. Kc1 g5 36. fxg5 hxg5 37. Kb2 f5 38. Bd5+ Kg7 39. e3 Nc2 40. e4 f4 41. gxf4 gxf4 42. e5 Ne1 43. d4 f3 44. Bc4 f2 45. e6 Kf6 46. d5 Nf3 47. h4 Nd2 48. Be2 f1Q 49. Bxf1 Nxf1 50. h5 Ne3 51. e7 Kxe7 52. h6 Kf7 1/2-1/2

[Event "POL-chT 2nd League"]
[Site "Lazy"]
[Date "2012.09.03"]
[Round "3"]
[White "Majdan, Damian"]
[Black "Wolynski, Krzysztof"]
[Result "0-1"]
[WhiteElo "1779"]
[BlackElo "2056"]
[PlyCount "156"]
[EventDate "2012.09.01"]
[EventType "team-swiss"]
[EventRounds "9"]
[EventCountry "POL"]
[SourceTitle "EXT 2019"]
[Source "ChessBase"]
[SourceDate "2018.10.10"]
[SourceVersion "1"]
[SourceVersionDate "2018.10.10"]
[SourceQuality "1"]
[WhiteTeam "Znin Baszta II"]
[BlackTeam "Rybnik MKSz"]
[WhiteTeamCountry "POL"]
[BlackTeamCountry "POL"]

1. Nf3 d5 2. c4 c6 3. g3 Nf6 4. Bg2 Bf5 5. 0-0 e6 6. d3 Nbd7 7. Nbd2 Be7 8. b3 0-0 9. Bb2 c5 10. Nh4 Bg6 11. Nxg6 hxg6 12. d4 Rc8 13. e4 dxc4 14. Nxc4 b5 15. Ne3 Nb6 16. Rc1 cxd4 17. Rxc8 Qxc8 18. Bxd4 Bc5 19. Bxc5 Qxc5 20. Qc2 Qxc2 21. Nxc2 Rd8 22. Rc1 Rd2 23. h3 Nbd7 24. b4 Ne5 25. Na3 a6 26. Rc2 Rd3 27. Nxb5 axb5 28. Rc5 Ned7 29. Rxb5 Ra3 30. e5 Nd5 31. Bxd5 exd5 32. Rxd5 Nb6 33. Rd8+ Kh7 34. e6 fxe6 35. Rd6 Nd5 36. b5 Rxa2 37. Rxe6 Rb2 38. Re1 Rxb5 39. Re2 Kg8 40. Kg2 Rb3 41. Rd2 Nb6 42. Re2 Kf7 43. Kh2 g5 44. Kg2 Rc3 45. Kh2 Nd7 46. Kg2 Kf6 47. Rd2 Ne5 48. Rd6+ Kf5 49. Rd2 Rb3 50. g4+ Ke6 51. Re2 Kf6 52. Ra2 Nd3 53. Ra6+ Kf7 54. Ra7+ Kg6 55. Ra6+ Kh7 56. Ra5 Nf4+ 57. Kg1 Nxh3+ 58. Kg2 Nf4+ 59. Kh2 Rh3+ 60. Kg1 Rh4 61. f3 Kg6 62. Ra6+ Kf7 63. Kf2 Rh2+ 64. Ke3 Re2+ 65. Kd4 Ne6+ 66. Kc4 Re3 67. Ra7+ Kf6 68. Ra6 Rxf3 69. Kd5 Re3 70. Ra1 Re5+ 71. Kd6 Re4 72. Rf1+ Nf4 73. Kd7 Kg6 74. Ra1 Nd5 75. Kd6 Nf6 76. Ra6 Rxg4 77. Ke7 Re4+ 78. Kd6 Re1 0-1

[Event "POL-chT4 Kujawsko Pomorskie 1011"]
[Site "Poland"]
[Date "2011.04.10"]
[Round "10.46"]
[White "Majdan, Damian"]
[Black "Dezakowski, Przemyslaw"]
[Result "0-1"]
[WhiteElo "1856"]
[BlackElo "1874"]
[PlyCount "56"]
[EventDate "2010.11.07"]
[EventType "team-swiss"]
[EventRounds "10"]
[EventCountry "POL"]
[SourceTitle "EXT 2019"]
[Source "ChessBase"]
[SourceDate "2018.10.10"]
[SourceVersion "1"]
[SourceVersionDate "2018.10.10"]
[SourceQuality "1"]

1. Nf3 Nf6 2. g3 g6 3. Bg2 Bg7 4. 0-0 0-0 5. d4 c5 6. b3 Ne4 7. Bb2 Nc6 8. e3 d5 9. Nbd2 Qa5 10. Nxe4 dxe4 11. Nd2 cxd4 12. exd4 Nxd4 13. Nc4 Qc5 14. Bxe4 Bh3 15. Re1 Rad8 16. c3 Ne6 17. Qc2 b5 18. Ne3 f5 19. Bh1 f4 20. Nd1 fxg3 21. hxg3 Nd4 22. Qe4 Nf5 23. Ne3 Rd2 24. Bc1 Rxf2 25. Kxf2 Nd6+ 26. Qf3 Rxf3+ 27. Bxf3 Bxc3 28. Bd5+ e6 0-1

[Event "POL-chT4 Kujawsko Pomorskie 1011"]
[Site "Poland"]
[Date "2011.03.13"]
[Round "8.22"]
[White "Majdan, Damian"]
[Black "Mochocki, Przemyslaw"]
[Result "1-0"]
[WhiteElo "1856"]
[BlackElo "1565"]
[PlyCount "175"]
[EventDate "2010.11.07"]
[EventType "team-swiss"]
[EventRounds "10"]
[EventCountry "POL"]
[SourceTitle "EXT 2019"]
[Source "ChessBase"]
[SourceDate "2018.10.10"]
[SourceVersion "1"]
[SourceVersionDate "2018.10.10"]
[SourceQuality "1"]

1. Nf3 e6 2. g3 Nf6 3. Bg2 d5 4. c4 Bd7 5. cxd5 exd5 6. d4 Bd6 7. Nc3 c6 8. 0-0 0-0 9. Ne1 Qc8 10. Bg5 Ne8 11. e4 h6 12. Be3 dxe4 13. Nxe4 Bg4 14. Qd2 f5 15. Nxd6 Nxd6 16. f3 Nc4 17. Qc3 Nxe3 18. Qxe3 Bh5 19. Nd3 Nd7 20. f4 Re8 21. Ne5 Qc7 22. Qb3+ Kf8 23. Rfe1 Nxe5 24. dxe5 Rad8 25. Qa3+ Kg8 26. Qxa7 Rd2 27. Rac1 Qd7 28. Qb6 Bf7 29. a3 Bd5 30. Bf1 Bf3 31. Qb3+ Bd5 32. Qc3 Be4 33. Bc4+ Kh7 34. Re2 Rd1+ 35. Rxd1 Qxd1+ 36. Re1 Qg4 37. Be2 Qg6 38. Rd1 b5 39. Bf3 Bxf3 40. Qxf3 c5 41. Rd6 Qf7 42. Qd5 Qa7 43. e6 c4+ 44. Kg2 Qa8 45. Qxa8 Rxa8 46. Rb6 Re8 47. Kf2 g5 48. fxg5 hxg5 49. Rxb5 c3 50. bxc3 Kg6 51. Rb6 Kf6 52. Ke3 Ra8 53. e7+ Kxe7 54. Rb3 Rh8 55. Rb2 Ra8 56. Ra2 Ke6 57. a4 Ra5 58. Kd4 f4 59. gxf4 gxf4 60. c4 Kf5 61. c5 f3 62. c6 Ke6 63. Ke3 Kd6 64. Rc2 Kc7 65. Kxf3 Rxa4 66. Kg3 Ra3+ 67. Kg2 Ra4 68. Rc3 Rg4+ 69. Kf3 Rg1 70. h4 Rh1 71. Kg4 Rg1+ 72. Kf5 Rf1+ 73. Kg6 Rg1+ 74. Kh6 Rg2 75. h5 Rg1 76. Kh7 Rg2 77. h6 Rg1 78. Kh8 Rg2 79. h7 Rg6 80. Rc5 Rg1 81. Rf5 Kxc6 82. Rf7 Kd6 83. Rg7 Rc1 84. Kg8 Rc8+ 85. Kf7 Ke5 86. Rg8 Rc7+ 87. Kg6 Rc6+ 88. Kg5 1-0

[Event "POL-chT4 Kujawsko Pomorskie 1011"]
[Site "Poland"]
[Date "2011.02.27"]
[Round "7.42"]
[White "Sobkowski, Krzysztof"]
[Black "Majdan, Damian"]
[Result "1/2-1/2"]
[WhiteElo "1640"]
[BlackElo "1856"]
[PlyCount "120"]
[EventDate "2010.11.07"]
[EventType "team-swiss"]
[EventRounds "10"]
[EventCountry "POL"]
[SourceTitle "EXT 2019"]
[Source "ChessBase"]
[SourceDate "2018.10.10"]
[SourceVersion "1"]
[SourceVersionDate "2018.10.10"]
[SourceQuality "1"]

1. c4 e5 2. Nc3 Nc6 3. g3 g6 4. Bg2 Bg7 5. e3 d6 6. Nge2 Nge7 7. d4 exd4 8. exd4 Nf5 9. d5 Ncd4 10. 0-0 0-0 11. Nxd4 Bxd4 12. Qd2 Bg7 13. b3 Bd7 14. Bb2 Qf6 15. Rab1 Qd8 16. Ne2 Re8 17. Bxg7 Nxg7 18. Rfe1 Qf6 19. Nc3 Rxe1+ 20. Rxe1 Re8 21. Rxe8+ Nxe8 22. h4 Qe5 23. Ne4 Nf6 24. Nxf6+ Qxf6 25. Qe3 Bf5 26. Qxa7 Qa1+ 27. Kh2 b6 28. Qxc7 Qd4 29. Qxd6 Qxf2 30. Qb8+ Kg7 31. Qe5+ Kg8 32. d6 Qxa2 33. Qe8+ Kg7 34. d7 Bxd7 35. Qxd7 Qxb3 36. Qd4+ Kg8 37. c5 bxc5 38. Qxc5 Qe6 39. Qf2 Kg7 40. Bf1 Qd5 41. Qc2 Qe5 42. Bc4 Qf6 43. Kh3 Qe7 44. Qd3 Qf6 45. g4 h6 46. Qe3 Qd6 47. Qc3+ Kg8 48. Qd3 Qf6 49. Qe3 Kg7 50. Bd3 Qd6 51. Bc2 Qf6 52. g5 hxg5 53. hxg5 Qd6 54. Qe4 Qd7+ 55. Kh4 Qd6 56. Kg4 Qd7+ 57. Kf4 Qa7 58. Qe5+ Kg8 59. Qe8+ Kg7 60. Qe5+ Kg8 1/2-1/2

[Event "POL-chT4 Kujawsko Pomorskie 1011"]
[Site "Poland"]
[Date "2010.11.07"]
[Round "1.22"]
[White "Sargalski, Andrzej"]
[Black "Majdan, Damian"]
[Result "1-0"]
[WhiteElo "1919"]
[BlackElo "1856"]
[PlyCount "99"]
[EventDate "2010.11.07"]
[EventType "team-swiss"]
[EventRounds "10"]
[EventCountry "POL"]
[SourceTitle "EXT 2019"]
[Source "ChessBase"]
[SourceDate "2018.10.10"]
[SourceVersion "1"]
[SourceVersionDate "2018.10.10"]
[SourceQuality "1"]

1. e4 c6 2. d4 d5 3. Nc3 dxe4 4. Nxe4 Nd7 5. Nf3 Ngf6 6. Nxf6+ Nxf6 7. Bd3 Bg4 8. c3 e6 9. h3 Bh5 10. Bg5 Be7 11. g4 Bg6 12. Bxg6 hxg6 13. Ne5 Nd7 14. Bxe7 Qxe7 15. Qe2 0-0-0 16. 0-0-0 Qg5+ 17. Kc2 Nxe5 18. Qxe5 Qxe5 19. dxe5 Rxd1 20. Kxd1 Kc7 21. Ke2 g5 22. Ke3 Rd8 23. h4 Rd5 24. f4 gxf4+ 25. Kxf4 Rd2 26. h5 Rf2+ 27. Ke3 Rg2 28. Kf3 Rxb2 29. g5 Rd2 30. h6 gxh6 31. gxh6 Rd8 32. h7 Rh8 33. Kf4 Kd7 34. Kg5 Ke7 35. Kh6 f6 36. Kg7 Rxh7+ 37. Rxh7 fxe5 38. Kg6+ Kd6 39. Rxb7 e4 40. Kf6 Kd5 41. Re7 Kc4 42. Rxe6 c5 43. Kf5 Kxc3 44. Kxe4 a5 45. Re5 Kb4 46. Kd3 a4 47. Re4+ Ka3 48. Kc2 c4 49. Rxc4 Kxa2 50. Rxa4# 1-0

[Event "Rewal op-B 15th"]
[Site "Rewal"]
[Date "2010.08.27"]
[Round "8"]
[White "Dzierzak, Radoslaw"]
[Black "Majdan, Damian"]
[Result "1-0"]
[WhiteElo "1724"]
[BlackElo "1846"]
[PlyCount "67"]
[EventDate "2010.08.18"]
[EventType "swiss"]
[EventRounds "9"]
[EventCountry "POL"]
[SourceTitle "EXT 2014"]
[Source "ChessBase"]
[SourceDate "2013.11.20"]
[SourceVersion "1"]
[SourceVersionDate "2013.11.20"]
[SourceQuality "1"]

1. e4 c6 2. d4 d5 3. Nc3 dxe4 4. Nxe4 Nd7 5. Bc4 Ngf6 6. Ng5 e6 7. Qe2 Nb6 8. Bb3 Be7 9. N1f3 h6 10. Ne4 Nxe4 11. Qxe4 c5 12. dxc5 Bxc5 13. Bf4 0-0 14. 0-0 Qf6 15. c3 Rd8 16. Rad1 Rxd1 17. Rxd1 Qf5 18. Rd8+ Bf8 19. Qxf5 exf5 20. Bc7 g5 21. Ne5 Kg7 22. Bxf7 f4 23. Bb3 Be7 24. Rg8+ Kh7 25. Ng6 Be6 26. Nxe7 Bxg8 27. Nxg8 Nd7 28. Ne7 Nc5 29. Bc2+ Kg7 30. Nf5+ Kg6 31. b4 Ne6 32. Be5 h5 33. Nd6+ Kh6 34. Nf7# 1-0

[Event "Rewal op-B 15th"]
[Site "Rewal"]
[Date "2010.08.18"]
[Round "1"]
[White "Majdan, Damian"]
[Black "Rabeda, Grzegorz"]
[Result "1-0"]
[WhiteElo "1846"]
[BlackElo "1494"]
[PlyCount "89"]
[EventDate "2010.08.18"]
[EventType "swiss"]
[EventRounds "9"]
[EventCountry "POL"]
[SourceTitle "EXT 2014"]
[Source "ChessBase"]
[SourceDate "2013.11.20"]
[SourceVersion "1"]
[SourceVersionDate "2013.11.20"]
[SourceQuality "1"]

1. Nf3 Nf6 2. b3 d5 3. Bb2 g6 4. e3 Bg4 5. Be2 c6 6. 0-0 Nbd7 7. Ne5 Be6 8. d3 Bg7 9. Nxd7 Qxd7 10. Nd2 0-0 11. c4 Rfd8 12. Nf3 dxc4 13. dxc4 Qc7 14. Qc1 Ne8 15. Bxg7 Nxg7 16. Qb2 f6 17. Rfd1 Rxd1+ 18. Rxd1 Rd8 19. Rxd8+ Qxd8 20. Qd2 Qxd2 21. Nxd2 Kf7 22. Ne4 Bc8 23. f4 h5 24. b4 Nf5 25. Kf2 Nd6 26. Kf3 Bg4+ 27. Kf2 Bxe2 28. Nxd6+ exd6 29. Kxe2 Ke6 30. e4 f5 31. Ke3 d5 32. exd5+ cxd5 33. Kd4 dxc4 34. Kxc4 Kd6 35. a4 Kc6 36. Kd4 b5 37. a5 Kd6 38. h4 a6 39. g3 Kc6 40. Ke5 Kd7 41. Kf6 Kd6 42. Kxg6 Kd5 43. Kxf5 Kc4 44. Kg5 Kxb4 45. f5 1-0

[Event "POL-chT3 Kujawsko Pomorskie 0910"]
[Site "Poland"]
[Date "2010.05.09"]
[Round "11.29"]
[White "Gajek, Radoslaw"]
[Black "Majdan, Damian"]
[Result "1/2-1/2"]
[WhiteElo "1835"]
[BlackElo "1848"]
[PlyCount "111"]
[EventDate "2009.11.08"]
[EventType "team-tourn"]
[EventRounds "11"]
[EventCountry "POL"]
[SourceTitle "EXT 2020"]
[Source "ChessBase"]
[SourceDate "2019.10.17"]
[SourceVersion "1"]
[SourceVersionDate "2019.10.17"]
[SourceQuality "1"]

1. e4 c6 2. d4 d5 3. Nd2 dxe4 4. Nxe4 Nd7 5. Ng5 Ndf6 6. Bc4 e6 7. Ne2 Nd5 8. 0-0 Ngf6 9. Ng3 Be7 10. Nh5 Nxh5 11. Qxh5 g6 12. Qh6 Bf6 13. Nxh7 Bxd4 14. c3 Nf6 15. cxd4 Rxh7 16. Qf4 b6 17. d5 cxd5 18. Bb5+ Bd7 19. Bxd7+ Nxd7 20. Qd6 Rc8 21. Qa3 Qh4 22. h3 g5 23. f3 Qg3 24. f4 Rxh3 25. Qxg3 Rxg3 26. fxg5 Rc2 27. Rf2 Rxf2 28. Kxf2 Rg4 29. Be3 Ne5 30. b3 Rh4 31. a3 Kd7 32. Bd2 Nd3+ 33. Ke2 Nc5 34. Rf1 Ke8 35. b4 Ne4 36. Bf4 Rh5 37. Rc1 e5 38. Bxe5 Rxg5 39. Bf4 Rxg2+ 40. Ke3 Ra2 41. Rc8+ Kd7 42. Rc7+ Ke6 43. Rxa7 Nd6 44. Bxd6 Kxd6 45. Rxf7 Rxa3+ 46. Kd4 Rb3 47. Rf6+ Kc7 48. Kxd5 Rxb4 49. Rf7+ Kb8 50. Kc6 Ka8 51. Rf2 Ka7 52. Ra2+ Kb8 53. Ra6 b5 54. Rb6+ Ka7 55. Rxb5 Rxb5 56. Kxb5 1/2-1/2

[Event "POL-chT3 Kujawsko Pomorskie 0910"]
[Site "Poland"]
[Date "2009.11.22"]
[Round "2.28"]
[White "Majdan, Damian"]
[Black "Czarnolewski, Piotr"]
[Result "1-0"]
[WhiteElo "1848"]
[BlackElo "1847"]
[PlyCount "165"]
[EventDate "2009.11.08"]
[EventType "team-tourn"]
[EventRounds "11"]
[EventCountry "POL"]
[SourceTitle "EXT 2020"]
[Source "ChessBase"]
[SourceDate "2019.10.17"]
[SourceVersion "1"]
[SourceVersionDate "2019.10.17"]
[SourceQuality "1"]

1. b3 c5 2. Bb2 Nc6 3. Nf3 d6 4. g3 e5 5. d3 Nge7 6. Nbd2 g6 7. Bg2 Bg7 8. 0-0 0-0 9. c3 a5 10. e3 Bf5 11. d4 Qc7 12. e4 Bg4 13. d5 Na7 14. h3 Bd7 15. c4 Nac8 16. Ne1 f5 17. f4 exf4 18. Bxg7 Kxg7 19. Rxf4 Nb6 20. exf5 Nxf5 21. g4 Nd4 22. Rxf8 Rxf8 23. Ndf3 Nxf3+ 24. Nxf3 Qd8 25. Qd2 a4 26. Ng5 Qf6 27. Rf1 Qe7 28. Re1 Qf6 29. Ne4 Qd8 30. Nxd6 Bc8 31. Qc3+ Kg8 32. Qe5 Qc7 33. Nxc8 Qxe5 34. Ne7+ Qxe7 35. Rxe7 axb3 36. axb3 Rf7 37. Re6 Nd7 38. d6 Kg7 39. Bxb7 Nf8 40. Re7 Nd7 41. Rxf7+ Kxf7 42. Bc8 Ne5 43. Bb7 Ke6 44. d7 Kxd7 45. Be4 Ke6 46. Kf2 Nd7 47. Ke3 Ke5 48. Bc6 Nf6 49. g5 Nh5 50. h4 Nf4 51. Be4 Ne6 52. Bc2 Nd4 53. Bd1 Nf5+ 54. Kd3 Nxh4 55. Kc3 Nf5 56. b4 Kd6 57. b5 h5 58. gxh6 Nxh6 59. Kd3 Nf7 60. Ke4 Ng5+ 61. Ke3 Ne6 62. Bc2 g5 63. Ke4 Nd4 64. Bd3 Ke6 65. Bf1 Nb3 66. Bh3+ Kd6 67. Bg2 Nd2+ 68. Kd3 Nb3 69. Bd5 g4 70. Ke3 Nd4 71. Be4 Ke5 72. b6 Kd6 73. Kf4 Nb3 74. Ke3 g3 75. Kd3 Nd4 76. Kc3 Ne2+ 77. Kb3 Nf4 78. Ka4 g2 79. Bxg2 Nxg2 80. Ka5 Ne3 81. Ka6 Nxc4 82. b7 Kc7 83. Ka7 1-0

[Event "POL-chT3 Kujawsko Pomorskie 0809"]
[Site "Poland"]
[Date "2008.11.23"]
[Round "2.29"]
[White "Brzezinski, Mateusz"]
[Black "Majdan, Damian"]
[Result "0-1"]
[WhiteElo "1904"]
[BlackElo "1828"]
[PlyCount "97"]
[EventDate "2008.11.09"]
[EventType "team-tourn"]
[EventRounds "11"]
[EventCountry "POL"]
[SourceTitle "EXT 2019"]
[Source "ChessBase"]
[SourceDate "2018.10.10"]
[SourceVersion "1"]
[SourceVersionDate "2018.10.10"]
[SourceQuality "1"]

1. c4 Nf6 2. Nc3 d5 3. cxd5 Nxd5 4. g3 g6 5. Bg2 Nf6 6. Nf3 Nc6 7. 0-0 Bg7 8. d3 0-0 9. Rb1 Nd5 10. Bd2 Be6 11. a3 Ne5 12. Nd4 Nxc3 13. bxc3 Bd5 14. Bxd5 Qxd5 15. Rb5 c5 16. Qb3 Qxb3 17. Nxb3 b6 18. Rb1 Rfd8 19. Nc1 Nc4 20. dxc4 Rxd2 21. a4 Bxc3 22. Nb3 Ra2 23. a5 Bb4 24. axb6 axb6 25. Nd4 cxd4 26. R5xb4 Rxe2 27. R4b2 Rxb2 28. Rxb2 Rc8 29. Rxb6 Rxc4 30. Rb8+ Kg7 31. Rb7 e5 32. Rd7 Kf6 33. Kg2 e4 34. g4 Ke6 35. Rd8 d3 36. f3 Rc2+ 37. Kg3 exf3 38. Rxd3 f2 39. Rf3 f5 40. gxf5+ gxf5 41. h4 Ke5 42. Re3+ Kd4 43. Rf3 Rc3 44. Kxf2 Rxf3+ 45. Kxf3 Ke5 46. h5 h6 47. Ke3 f4+ 48. Kf3 Kf5 49. Kg2 0-1

[Event "POL-chT3 Kujawsko Pomorskie 0809"]
[Site "Poland"]
[Date "2008.11.09"]
[Round "1.10"]
[White "Ryngwelski, Olaf"]
[Black "Majdan, Damian"]
[Result "1/2-1/2"]
[WhiteElo "1789"]
[BlackElo "1828"]
[PlyCount "115"]
[EventDate "2008.11.09"]
[EventType "team-tourn"]
[EventRounds "11"]
[EventCountry "POL"]
[SourceTitle "EXT 2019"]
[Source "ChessBase"]
[SourceDate "2018.10.10"]
[SourceVersion "1"]
[SourceVersionDate "2018.10.10"]
[SourceQuality "1"]

1. e4 c6 2. d4 d5 3. Nc3 dxe4 4. Nxe4 Nd7 5. Nf3 Ngf6 6. Bd3 e6 7. Bf4 Nxe4 8. Bxe4 Nf6 9. Bd3 c5 10. dxc5 Bxc5 11. Bb5+ Bd7 12. Bxd7+ Qxd7 13. Qxd7+ Nxd7 14. 0-0 0-0 15. Rad1 Nf6 16. Bd6 Rfc8 17. Bxc5 Rxc5 18. Rd2 Rd5 19. Rxd5 Nxd5 20. c3 Kf8 21. Rd1 Ke7 22. c4 Nb6 23. b3 Rd8 24. Rxd8 Kxd8 25. Kf1 Ke7 26. Ke2 h6 27. Kd3 Nd7 28. b4 e5 29. Nd2 Ke6 30. a4 f5 31. f3 g5 32. g4 e4+ 33. Kd4 exf3 34. gxf5+ Kxf5 35. Nxf3 Kf4 36. Nd2 g4 37. c5 h5 38. b5 Nb8 39. Kd5 g3 40. hxg3+ Kxg3 41. Ne4+ Kg4 42. Nf2+ Kg3 43. Nh1+ Kg2 44. Kd6 h4 45. Kc7 h3 46. Kxb8 h2 47. Kxb7 Kxh1 48. Kxa7 Kg2 49. b6 h1Q 50. a5 Qc1 51. a6 Qxc5 52. Kb7 Qe7+ 53. Ka8 Qd8+ 54. Ka7 Qd4 55. Kb7 Qd7+ 56. Ka8 Qc6+ 57. Ka7 Qc5 58. Kb7 1/2-1/2

[Event "Pieczyska op"]
[Site "Pieczyska"]
[Date "2007.06.29"]
[Round "9"]
[White "Tarczykowski, Janusz"]
[Black "Majdan, Damian"]
[Result "1-0"]
[WhiteElo "1943"]
[BlackElo "1800"]
[PlyCount "67"]
[EventDate "2007.06.23"]
[EventType "swiss"]
[EventRounds "9"]
[EventCountry "POL"]
[SourceTitle "EXT 2008"]
[Source "ChessBase"]
[SourceDate "2007.11.25"]
[SourceVersion "1"]
[SourceVersionDate "2007.11.25"]
[SourceQuality "1"]

1. d4 Nf6 2. c4 g6 3. Nc3 d5 4. Bf4 Bg7 5. e3 0-0 6. Rc1 dxc4 7. Bxc4 c5 8. dxc5 Qa5 9. Nf3 Qxc5 10. Bb3 Nc6 11. 0-0 Bg4 12. h3 Bxf3 13. Qxf3 Qb6 14. Rfd1 Rfd8 15. Bg5 Na5 16. Nd5 Nxd5 17. Bxd5 Bf6 18. Bxf6 Qxf6 19. Qxf6 exf6 20. b4 Nc6 21. Bxc6 bxc6 22. Rxd8+ Rxd8 23. Rxc6 Rd1+ 24. Kh2 Rd2 25. Ra6 Rxf2 26. Rxa7 Re2 27. b5 f5 28. b6 Rb2 29. b7 Kg7 30. a4 g5 31. a5 f4 32. exf4 gxf4 33. Kg1 Kf6 34. Ra6+ 1-0

[Event "Pieczyska op"]
[Site "Pieczyska"]
[Date "2007.06.27"]
[Round "6"]
[White "Szybowicz, Piotr"]
[Black "Majdan, Damian"]
[Result "1-0"]
[WhiteElo "2017"]
[BlackElo "1800"]
[PlyCount "73"]
[EventDate "2007.06.23"]
[EventType "swiss"]
[EventRounds "9"]
[EventCountry "POL"]
[SourceTitle "EXT 2008"]
[Source "ChessBase"]
[SourceDate "2007.11.25"]
[SourceVersion "1"]
[SourceVersionDate "2007.11.25"]
[SourceQuality "1"]

1. e4 c6 2. d4 d5 3. Nc3 dxe4 4. Nxe4 Nd7 5. Nf3 Ngf6 6. Nxf6+ Nxf6 7. Ne5 Bf5 8. c3 e6 9. g4 Bg6 10. h4 h6 11. Nxg6 fxg6 12. Bd3 Kf7 13. Qc2 Nxg4 14. Bxg6+ Kg8 15. Be3 Qd5 16. Be4 Qd7 17. 0-0-0 Nf6 18. Bd3 b5 19. Bf4 b4 20. c4 a5 21. Qe2 a4 22. Rde1 Re8 23. Be5 Qf7 24. h5 Qd7 25. Rhg1 Qe7 26. Rg6 Nd7 27. Qg4 c5 28. Bxg7 Bxg7 29. Rexe6 Qf7 30. Rxe8+ Qxe8 31. Rxg7+ Kf8 32. Rxd7 Qe1+ 33. Kc2 Qxf2+ 34. Be2 Qf6 35. Rb7 b3+ 36. axb3 axb3+ 37. Kxb3 1-0

[Event "Pieczyska op"]
[Site "Pieczyska"]
[Date "2007.06.25"]
[Round "3"]
[White "Zebracki, Jaroslaw"]
[Black "Majdan, Damian"]
[Result "0-1"]
[WhiteElo "1967"]
[BlackElo "1800"]
[PlyCount "52"]
[EventDate "2007.06.23"]
[EventType "swiss"]
[EventRounds "9"]
[EventCountry "POL"]
[SourceTitle "EXT 2008"]
[Source "ChessBase"]
[SourceDate "2007.11.25"]
[SourceVersion "1"]
[SourceVersionDate "2007.11.25"]
[SourceQuality "1"]

1. e4 c6 2. c4 d5 3. exd5 cxd5 4. cxd5 Qxd5 5. Nc3 Qd8 6. d4 Nc6 7. Nf3 e6 8. Bc4 Nf6 9. 0-0 Be7 10. Re1 0-0 11. Be3 a6 12. Qe2 Qc7 13. Bb3 Rd8 14. Rad1 b5 15. d5 exd5 16. Nxd5 Nxd5 17. Bxd5 Bb7 18. Bg5 Bf6 19. Bxf6 gxf6 20. Qc2 Rac8 21. Be4 h6 22. Bf5 Rxd1 23. Rxd1 Rd8 24. Rc1 Qf4 25. Bh7+ Kh8 26. Be4 Nb4 0-1

[Event "Pieczyska op"]
[Site "Pieczyska"]
[Date "2007.06.23"]
[Round "1"]
[White "Bokiej, Przemyslaw"]
[Black "Majdan, Damian"]
[Result "1-0"]
[WhiteElo "2016"]
[BlackElo "1800"]
[PlyCount "117"]
[EventDate "2007.06.23"]
[EventType "swiss"]
[EventRounds "9"]
[EventCountry "POL"]
[SourceTitle "EXT 2008"]
[Source "ChessBase"]
[SourceDate "2007.11.25"]
[SourceVersion "1"]
[SourceVersionDate "2007.11.25"]
[SourceQuality "1"]

1. e4 c6 2. Nc3 d5 3. Nf3 Bg4 4. h3 Bxf3 5. Qxf3 e6 6. d4 Qb6 7. Qd3 dxe4 8. Nxe4 Nd7 9. Be2 Ngf6 10. 0-0 Nxe4 11. Qxe4 Nf6 12. Qd3 Be7 13. Bf4 Rd8 14. Qg3 g6 15. Bc7 Ne4 16. Qf4 Bd6 17. Bxb6 Bxf4 18. Bxd8 Kxd8 19. Rfd1 Ke7 20. c4 Rd8 21. Rd3 Nd2 22. b3 Ne4 23. Rad1 Nf6 24. Bf3 Bc7 25. d5 cxd5 26. cxd5 Nxd5 27. Bxd5 exd5 28. Rxd5 Rxd5 29. Rxd5 b6 30. f3 Bd6 31. Kf2 Bc5+ 32. Ke2 Ke6 33. Rd8 h5 34. g4 Kf6 35. gxh5 gxh5 36. Rd7 a5 37. Kd3 Ke6 38. Rb7 Kf6 39. a4 Kg6 40. Ke4 f6 41. f4 Bf2 42. Rc7 Bc5 43. Rc6 Bf2 44. Rc2 Be1 45. Rg2+ Kf7 46. Kf5 Bc3 47. Rg6 Bd4 48. Rh6 Kg7 49. Rxh5 Bf2 50. Kg4 Kg6 51. Rd5 Be1 52. h4 Bf2 53. h5+ Kh6 54. Kf5 Kxh5 55. Kxf6+ Kh6 56. Rd2 Bg3 57. f5 Kh7 58. Rg2 Bc7 59. Ke7 1-0